• 首页
  • 本馆介绍
  • 公告通知
  • 最新文献
  • 馆藏检索
  • 电子资源
  • 读者导购
  • 参考咨询
  • 我的图书馆
  • 登录
  • 详细信息显示
  • 放入我的书架
  • 预约/预借图书
  • 作者相关作品
  • 分类相关作品
  • 丛书相关作品
  • 出版社相关作品

书目信息

  • 表格格式
  • 工作单格式
  • 卡片格式
题名:
这样装修不超支 不被宰 不返工
    
 
作者: ;快乐家装编辑部 编著
分册:  
出版信息: 北京   北京联合出版公司  2014.7
页数: 24,299页
开本: 24cm
丛书名:
单 册:
中图分类: TU767.7
科图分类:
主题词: 住宅--室内装修--基本知识 , 住宅 , 室内装修
电子资源:
ISBN: 978-7-5502-3125-2
000 00932nam0 2200265 450
001 0400001809
005 20171019163045.0
010    @a978-7-5502-3125-2@dCNY69.90
100    @a20140812e20172014em y0chiy50 ea
101 0  @achi
102    @aCN@b110000
105    @aa z 000yy
106    @ar
200 1  @a这样装修不超支 不被宰 不返工@9zhe yang zhuang xiu bu chao zhi bu bei zai bu fan gong@f《快乐家装》编辑部编著
210    @a北京@c北京联合出版公司@d2014.7@h2017.8
215    @a24,299页@c彩图,彩照@d24cm
300    @a紫图书库 7501 快乐家装 001
330    @a本书搜集了98个真实的装修小案例,告诉读者如何避免“花钱费力买罪受”,带着读者亲历装修的每个细节,事先知道其中的真相。
606 0  @a住宅@x室内装修@x基本知识
606 0  @a住宅
606 0  @a室内装修
690    @aTU767.7@v5
711 02 @a快乐家装编辑部@9kuai le jia zhuang bian ji bu@4编著
801  0 @aCN@b91MARC@c20171019
905    @b1030711-5@dTU767.7@f5@e1109
    
    这样装修不超支 不被宰 不返工/《快乐家装》编辑部编著.-北京:北京联合出版公司,2014.7(2017.8)
    24,299页:彩图,彩照;24cm
    紫图书库 7501 快乐家装 001
    
    ISBN 978-7-5502-3125-2:CNY69.90
    本书搜集了98个真实的装修小案例,告诉读者如何避免“花钱费力买罪受”,带着读者亲历装修的每个细节,事先知道其中的真相。
●
相关链接 在E读中查询图书 在五车中查询图书 在当当中查询图书 在豆瓣中查询图书


正题名:这样装修不超支 不被宰 不返工     索取号:TU767.7/1109         预约/预借

序号 登录号 条形码 馆藏地/架位号 状态 备注
1 1030711   210307116   第二样本阅览室/ [索取号:TU767.7/1109] 在馆    
2 1030712   210307121   密集书库-生命科学系/ [索取号:TU767.7/1109] 在馆    
3 1030713   210307130   第三借阅区/ [索取号:TU767.7/1109] 在馆    
4 1030714   210307149   第三借阅区/ [索取号:TU767.7/1109] 在馆    
5 1030715   210307158   第三借阅区/ [索取号:TU767.7/1109] 在馆    
唐山师范学院图书馆 欢迎您!
大连网信软件有限公司© 版权所有